MARC

LEADER 00000nam0a2200000 4500
001 92942
005 20231031104925.0
035 |a (RuTPU)RU\TPU\book\99548 
090 |a 92942 
100 |a 20060322d1974 km y0rusy50 ca 
101 0 |a rus 
102 |a RU 
105 |a a z 001zy 
200 1 |a Динамические контактные измерения тепловых величин  |f П. А. Коротков, Г. Е. Лондон 
210 |a Ленинград  |c Машиностроение  |d 1974 
215 |a 224 с.  |c ил.  |e черт. 
320 |a Библиогр.: с. 217-222. 
610 1 |a теплотехнические измерения 
610 1 |a динамические измерения 
610 1 |a теплопроводность 
610 1 |a температуропроводность 
610 1 |a теплоемкость 
610 1 |a тепловые режимы 
610 1 |a тепловые потоки 
675 |a 621.1.002  |v 3 
700 1 |a Коротков  |b П. А.  |g Петр Архипович 
701 1 |a Лондон  |b Г. Е.  |g Григорий Ефимович 
801 1 |a RU  |b 63413507  |c 20060322  |g PSBO 
801 2 |a RU  |b 63413507  |c 20130805  |g PSBO 
942 |c BK